| 000 | 02535nam a2200397 i 4500 | ||
|---|---|---|---|
| 001 | ebr10816567 | ||
| 003 | CaPaEBR | ||
| 006 | m o d | ||
| 007 | cr cn||||||||| | ||
| 008 | 130513t20142014njuad ob 001 0 eng|d | ||
| 020 | _z9781556429514 (alk. paper) | ||
| 020 | _a9781617119569 (e-book) | ||
| 040 |
_aCaPaEBR _beng _erda _epn _cCaPaEBR |
||
| 050 | 1 | 4 |
_aRM813 _b.U84 2014eb |
| 082 | 0 | 4 |
_a615.8/53 _223 |
| 245 | 0 | 4 |
_aThe use of aquatics in orthopedic and sports medicine rehabilitation and physical conditioning / _c[edited by] Kevin E. Wilk and David M. Joyner. |
| 264 | 1 |
_aThorofare, NJ : _bSLACK Incorporated, _c[2014] |
|
| 264 | 4 | _c�2014 | |
| 300 |
_a1 online resource (194 pages) : _billustrations |
||
| 336 |
_atext _2rdacontent |
||
| 337 |
_acomputer _2rdamedia |
||
| 338 |
_aonline resource _2rdacarrier |
||
| 504 | _aIncludes bibliographical references and index. | ||
| 505 | 0 | _aAquatic therapy : history, theory, and applications / Bruce E. Becker -- Guidelines and indications for the use of aquatic therapy / Jessica Heath, and Lisa Pataky -- Pool selection, facility design, and engineering considerations -- David Joyner and Anson J. Flake -- Aquatic application for the lower extremity / Todd R. Hooks, Kevin E. Wilk, and Jason Palmer -- Aquatic application for the upper extremity / Leonard C. Macrina, A.J. Yenchak, Kevin E. Wilk, and Mike Reinold -- Aquatic rehabilitation for the spine / Timothy DiFrancesco and Lisa Pataky -- Chronic pain : fibromyalgia and other symptoms / Daniel Seidler -- Strength training and conditioning / Murphy Grant -- Sports-specific training / Murphy Grant -- Research evidence for the benefits of aquatic exercise / Stephen F. Crouse, and Dennis Dolny. | |
| 588 | _aDescription based on print version record. | ||
| 590 | _aElectronic reproduction. Palo Alto, Calif. : ebrary, 2014. Available via World Wide Web. Access may be limited to ebrary affiliated libraries. | ||
| 650 | 0 | _aHydrotherapy. | |
| 650 | 0 | _aPhysical fitness. | |
| 650 | 0 | _aRehabilitation. | |
| 655 | 0 | _aElectronic books. | |
| 700 | 1 | _aWilk, Kevin E. | |
| 700 | 1 |
_aJoyner, David M., _d1950- |
|
| 776 | 0 | 8 |
_iPrint version: _tuse of aquatics in orthopedic and sports medicine rehabilitation and physical conditioning. _dThorofare, NJ : SLACK Incorporated, [2014] _hxii, 171 pages _z9781556429514 _w(DNLM)101608156 _w(DLC) 2013019399 |
| 797 | 2 | _aebrary. | |
| 856 | 4 | 0 |
_uhttp://site.ebrary.com/lib/rucke/Doc?id=10816567 _zAn electronic book accessible through the World Wide Web; click to view |
| 999 |
_c82465 _d82465 |
||